000
00231nam a2200097Ia 4500
001
899326
005
20250826184446.0
008
250824s9999 xx 000 0 und d
245
0
_a
TURNUVA
_c
MATTHEW REILLY
260
_b
PANAMA YAYINLARI
999
_c
899326
_d
899326